[Event "Airthings Masters Prelim"]
[Site "chess24.com INT"]
[Date "2022.02.19"]
[Round "1.5"]
[White "Kosteniuk, Alexandra"]
[Black "Duda, Jan-Krzysztof"]
[Result "0-1"]
[WhiteTitle "GM"]
[BlackTitle "GM"]
[WhiteElo "2516"]
[BlackElo "2760"]
[WhiteFideId "4128125"]
[BlackFideId "1170546"]
[EventDate "2022.02.19"]

1. e4 c5 2. Nf3 d6 3. Bb5+ Nd7 4. Ba4 a6 5. c4 Nf6 6. Nc3 g6 7. O-O Bg7 8. d3
O-O 9. h3 Rb8 10. Rb1 Ne8 11. Bg5 Nc7 12. Qd2 b5 13. Bc2 Nb6 14. b3 Qd7 15. Bh6
e5 16. Nh2 Ne6 17. Bxg7 Kxg7 18. Ne2 Qe7 19. f4 exf4 20. Nxf4 Nd4 21. Nf3 Nxf3+
22. Rxf3 Qe5 23. Ne2 Bb7 24. Rf4 Nd7 25. Rbf1 Qe7 26. Ng3 Ne5 27. Qf2 Bc8 28.
Ne2 Be6 29. Qg3 h6 30. Nc3 Qg5 31. Qe3 Rb7 32. Kh2 Nc6 33. Ne2 Qe5 34. Ng3 Nd4
35. Bd1 a5 36. Kh1 a4 37. h4 axb3 38. axb3 Ra8 39. Qf2 Ra1 40. cxb5 Nxb5 41. Ne2
Rb1 42. Bc2 Rxf1+ 43. Qxf1 Ra7 44. Qf2 Ra2 45. Bd1 Nc3 0-1

[Event "Airthings Masters Prelim"]
[Site "chess24.com INT"]
[Date "2022.02.20"]
[Round "5.8"]
[White "Hansen, Eric"]
[Black "Ding, Liren"]
[Result "1/2-1/2"]
[WhiteTitle "GM"]
[BlackTitle "GM"]
[WhiteElo "2606"]
[BlackElo "2799"]
[WhiteFideId "2606771"]
[BlackFideId "8603677"]
[EventDate "2022.02.19"]

1. e4 c5 2. Nf3 d6 3. Bb5+ Nd7 4. c3 Nf6 5. Qe2 a6 6. Ba4 b5 7. Bc2 Bb7 8. O-O
e6 9. d4 Be7 10. Rd1 O-O 11. Nbd2 Qc7 12. Nf1 Rfc8 13. Bd3 a5 14. Ng3 b4 15. c4
cxd4 16. Nxd4 Nc5 17. b3 a4 18. Rb1 Ra6 19. Bc2 axb3 20. axb3 Ra2 21. Bb2 Qb6
22. h3 h6 23. Qe3 Rd8 24. Nde2 Qc6 25. Nd4 Qb6 26. Nde2 Bc6 27. Nf4 Qb7 28. Re1
Re8 29. Nd5 exd5 30. exd5 Bxd5 31. cxd5 Bf8 32. Qc1 Rxe1+ 33. Qxe1 Nxd5 34. Qd2
g6 35. Ne4 Rxb2 36. Rxb2 Nc3 37. Nxc5 dxc5 38. Bd3 Bg7 39. Rc2 h5 40. Bc4 Bd4
41. Qf4 Qe7 42. g3 Kg7 43. Kg2 f5 44. h4 Qe1 45. Qf3 Ne4 46. Bd3 Nd2 47. Qf4 Ne4
48. Bxe4 Qxe4+ 49. Qxe4 fxe4 50. Re2 e3 51. fxe3 Bc3 52. Kf3 c4 53. bxc4 b3 54.
Rf2 b2 55. Rf1 Kf6 56. Ke4+ Ke6 57. Kd3 Be5 58. Kc2 Bxg3 59. Rg1 Bxh4 60. Rxg6+
Kf5 61. Rg8 Be7 62. Re8 Bd6 63. Rd8 Be5 64. c5 h4 65. Rf8+ Ke4 66. Rf7 h3 67.
Rh7 h2 68. c6 Kxe3 69. Rxh2 Bxh2 70. Kxb2 Bc7 71. Kc3 Ke4 72. Kc2 Ke5 73. Kd2
Kd5 74. Kc2 Kxc6 1/2-1/2

[Event "Airthings Masters Prelim"]
[Site "chess24.com INT"]
[Date "2022.02.20"]
[Round "7.6"]
[White "Le, Quang Liem"]
[Black "Mamedyarov, Shakhriyar"]
[Result "1-0"]
[WhiteTitle "GM"]
[BlackTitle "GM"]
[WhiteElo "2709"]
[BlackElo "2767"]
[WhiteFideId "12401137"]
[BlackFideId "13401319"]
[EventDate "2022.02.19"]

1. d4 Nf6 2. c4 e5 3. dxe5 Ng4 4. Bf4 g5 5. Bg3 Bg7 6. Nf3 Nc6 7. h4 Ngxe5 8.
Nxe5 Nxe5 9. hxg5 Nxc4 10. Nc3 Qxg5 11. Rh4 Ne5 12. Nd5 O-O 13. Nxc7 Rb8 14. e3
d6 15. Nd5 Be6 16. Bd3 h6 17. Be2 Rbc8 18. Kf1 Bxd5 19. Qxd5 Rc2 20. Qxb7 Rfc8
21. Rd1 Ng6 22. Rh5 Qf6 23. Bg4 Rc1 24. Rd5 R8c2 25. Qb8+ Kh7 26. Rxd6 Qg5 27.
Bf3 Rxb2 28. Qxa7 Rxd1+ 29. Rxd1 Qf5 30. Kg1 h5 31. Qd7 Qxd7 32. Rxd7 h4 33. Bc7
Ne5 34. Be4+ Kh6 35. Bxe5 Bxe5 36. Rxf7 1-0

[Event "Airthings Masters Prelim"]
[Site "chess24.com INT"]
[Date "2022.02.21"]
[Round "9.6"]
[White "Hansen, Eric"]
[Black "Giri, Anish"]
[Result "0-1"]
[WhiteTitle "GM"]
[BlackTitle "GM"]
[WhiteElo "2606"]
[BlackElo "2772"]
[WhiteFideId "2606771"]
[BlackFideId "24116068"]
[EventDate "2022.02.19"]

1. e4 c5 2. Nf3 d6 3. Bb5+ Nd7 4. c3 Nf6 5. Qe2 a6 6. Ba4 b5 7. Bc2 Bb7 8. O-O
g6 9. d4 Bg7 10. Rd1 cxd4 11. cxd4 O-O 12. a3 Rc8 13. Nc3 Nb6 14. Bd3 Nc4 15. h3
Qb6 16. Bg5 h6 17. Bh4 e6 18. Bg3 Rfd8 19. Rac1 Na5 20. Bc2 b4 21. Na4 Qb5 22.
Qxb5 axb5 23. Nb6 b3 24. Nxc8 bxc2 25. Ne7+ Kf8 26. Rxc2 Kxe7 27. e5 dxe5 28.
Nxe5 Nd5 29. Rc5 Bxe5 30. dxe5 Ba6 31. f4 Rc8 32. Bh4+ Ke8 33. Rcxd5 exd5 34.
Rxd5 Nc4 35. b3 Ne3 36. Rd2 Bb7 37. g4 Nd5 38. Rd4 Rc3 39. Kh2 Rxb3 40. a4 b4 0-1

[Event "Airthings Masters Prelim"]
[Site "chess24.com INT"]
[Date "2022.02.21"]
[Round "10.8"]
[White "Kosteniuk, Alexandra"]
[Black "Keymer, Vincent"]
[Result "0-1"]
[WhiteTitle "GM"]
[BlackTitle "GM"]
[WhiteElo "2516"]
[BlackElo "2664"]
[WhiteFideId "4128125"]
[BlackFideId "12940690"]
[EventDate "2022.02.19"]

1. e4 c5 2. Nf3 d6 3. Bb5+ Nd7 4. Ba4 Nf6 5. O-O e6 6. Re1 a6 7. c4 Be7 8. Nc3
O-O 9. d4 cxd4 10. Nxd4 Ne5 11. Qe2 Qc7 12. Bb3 Re8 13. Kh1 Bd7 14. f4 Nc6 15.
Nf3 Rac8 16. e5 Ng4 17. Ng5 Bxg5 18. exd6 Qxd6 19. Ne4 Qc7 20. Nxg5 e5 21. c5
Nh6 22. Qh5 Bg4 23. Qh4 Nd4 24. Nxf7 Nxf7 25. Qxg4 Nxb3 26. axb3 Qxc5 27. f5 Qb6
28. b4 Qf6 29. Qe4 Nd6 30. Qd5+ Kh8 31. Bd2 Rcd8 32. Bc3 Nxf5 33. Qxb7 Re6 34.
Rf1 Qg6 35. Rfd1 Rde8 36. Rd7 h6 37. Kg1 Rf6 38. Re1 Nh4 39. Kh1 Ref8 40. Rdd1
Rf2 41. Rg1 Qh5 42. Qe4 Nf3 43. h3 Qxh3+ 44. gxh3 Rh2# 0-1

[Event "Airthings Masters Prelim"]
[Site "chess24.com INT"]
[Date "2022.02.22"]
[Round "15.3"]
[White "Hansen, Eric"]
[Black "Keymer, Vincent"]
[Result "1/2-1/2"]
[WhiteTitle "GM"]
[BlackTitle "GM"]
[WhiteElo "2606"]
[BlackElo "2664"]
[WhiteFideId "2606771"]
[BlackFideId "12940690"]
[EventDate "2022.02.19"]

1. e4 c5 2. Nf3 d6 3. Bb5+ Nd7 4. c3 Nf6 5. Bd3 a6 6. Bc2 b5 7. d4 Bb7 8. Nbd2
e6 9. O-O Be7 10. Re1 Qc7 11. Nf1 O-O 12. Ng3 Rfc8 13. Bd3 b4 14. cxb4 cxb4 15.
Bd2 a5 16. a3 bxa3 17. Rxa3 Qd8 18. Qa1 d5 19. Rxa5 dxe4 20. Nxe4 Nxe4 21. Bxe4
Bxe4 22. Rxe4 Rxa5 23. Qxa5 Qxa5 24. Bxa5 Rc2 25. Bc3 Nf6 26. Re1 Nd5 27. Rb1 g5
28. Kf1 g4 29. Ne1 Nxc3 30. bxc3 Rxc3 31. Rd1 Bd6 32. g3 Kg7 33. Ng2 f5 34. Ne3
Kf6 35. Ke2 h5 36. h3 gxh3 37. Rh1 h4 38. Rxh3 hxg3 39. Rh6+ Kf7 40. fxg3 Bxg3
41. d5 exd5 42. Nxd5 Rc2+ 43. Kf3 Be5 44. Ra6 Rc5 45. Ra7+ Kg6 46. Nf4+ Kf6 47.
Ra6+ Kf7 48. Ra7+ Kf6 49. Ra6+ Kf7 50. Ra7+ Bc7 51. Nd5 Rxd5 52. Rxc7+ Kf6 53.
Rc8 Rd3+ 54. Kf4 Rd4+ 55. Kf3 Ra4 56. Rf8+ Ke5 57. Re8+ Kf6 58. Rf8+ Kg6 59.
Rg8+ Kf7 60. Rb8 Rc4 61. Rb6 Ra4 62. Rc6 1/2-1/2